Modelo contables de activos intangibles representados por el capital intelectual (Registro nro. 9223)
[ vista simple ]
| 000 -LEADER | |
|---|---|
| fixed length control field | 00399 a2200121 4500 |
| 001 - CONTROL NUMBER | |
| control field | ART_7893 |
| 005 - DATE AND TIME OF LATEST TRANSACTION | |
| control field | 20260410161556.0 |
| 008 - FIXED-LENGTH DATA ELEMENTS--GENERAL INFORMATION | |
| fixed length control field | 260409a |
| 100 1# - MAIN ENTRY--PERSONAL NAME | |
| Personal name | Simaro, Jorge D. |
| 245 10 - TITLE STATEMENT | |
| Title | Modelo contables de activos intangibles representados por el capital intelectual |
| 700 1# - ADDED ENTRY--PERSONAL NAME | |
| Personal name | Tonelli, Omar E. |
| 773 0# - HOST ITEM ENTRY | |
| Title | Profesional & Empresaria |
| Related parts | - Año XI, Nº 117 (jun. 2009) |
| Record control number | REV70 |
No hay ítems disponibles.